000 00525nam a2200181 a 4500
001 0142
005 20140414132040.0
008 040803s19uu xx 00 eng d
020 _a0-201-19324-8
050 _aBB
_bH11 1989
245 _aThe Hare and the tortoise, level B /
_cillustrator John Standford.
260 _aMassachusettes :
_bAddison-Wesley Publishing,
_c1989.
300 _a16 p. : ill. ; cm.
440 _aAddison-Wesley Series
650 _aRace
_xFiction.
650 _aChildren stories.
999 _c113836
_d113836